| 000 | 00509nam a2200169Ia 4500 | ||
|---|---|---|---|
| 003 | GCL | ||
| 008 | 140319s9999 xx 000 0 ara d | ||
| 040 |
_aGCL / _cGCL |
||
| 082 | 0 | 4 |
_a811.008 _bا ل |
| 100 | 1 | _aاحمد مطر | |
| 245 | 1 | 0 |
_aلافتات احمد مطر : _bالاعمال الكاملة / _cاحمد مطر |
| 250 | _aالاولى | ||
| 300 |
_a624 ص ؛ _c16 سم |
||
| 650 | 0 | 4 | _aالادب العربى |
| 650 | 0 | 4 | _aالشعر العربى - دواوين وقصائد |
| 942 |
_2ddc _cBK |
||
| 999 |
_c4803 _d4803 |
||